000 01815nam a2200193Ia 4500
008 220216s9999 xx 000 0 und d
100 _aGnanaharan R
245 0 _aPreservative treatment of rubberwood(Hevea brasiliensis)
260 _bKFRI Research Report
_c1982
300 _aJan-16
520 _aSusceptibility of rubber wood to fungal and insect attack limits its wider utilisation otherwise possible. The objective of this study was to increase the seervice life of rubber wood by introducing a cheap preservative into wood by diffusion process, employing a simple technique which can be carried out even in a small size saw-mill. Treatment with boron solutions of higher concentration resulted in higher loading of chemicals into wood. However, using solutions of higher concentration has some disadvantages. This study found that adequate loading of chemicals can be obtained by using solutions of lower concentration at ambient temperature. Immersing 25 mm thick thick material in a 10;boric acid equivalent (BAE) solution containing 0.5;sodium pentachlorophenoxide at ambient temperature for 40 minutes gave adequate loading of chemicals. It was found that increasing the immersion time does not increase the loading of chemicals appreciably. Rubber wood is very permeable and it does not pose any problem for the chemicals to diffuse into the wood. Treatment with boron chemicals to a loading of 0.4;BAE was found adequate to protect rubber wood against the insect borer Sinoxylon anale. Material treated by diffusion process will be suitable for making furniture, door and window frames, etc.
650 _aBoron chemicals
650 _aDiddusion process
650 _aRubberwood
650 _aRubberwood preservation
650 _aSapstain and mould fungi
700 _aMathew G
942 _cBO
999 _c48087
_d48087